"Από του ιστίου εις τον ατμόν" : ελληνική εμπορική ναυτιλία 1858-1914

Αποθηκεύτηκε σε:
Λεπτομέρειες βιβλιογραφικής εγγραφής
Κύριος συγγραφέας: Καρδάσης, Βασίλης Α., 1956-
Μορφή: Βιβλίο
Γλώσσα:Greek
Δημοσίευση: Αθήνα : Πολιτιστικό Τεχνολογικό Ιδρυμα ΕΤΒΑ, [1993]
Θέματα:
Ετικέτες: Προσθήκη ετικέτας
Δεν υπάρχουν, Καταχωρήστε ετικέτα πρώτοι!

MARC

LEADER 00000nam a2200000 i 4500
001 1/99069
008 950323s1993 gre d
020 |a 960-244-028-7 
035 |l 10011164 
040 |a GR-MY-UA  |b gre  |e aacr 
041 0 |a gre 
082 0 |a 387.5409495  |2 (22) 
100 1 |a Καρδάσης, Βασίλης Α.,   |d 1956- 
245 1 0 |a "Από του ιστίου εις τον ατμόν" :  |b ελληνική εμπορική ναυτιλία 1858-1914 /  |c Βασίλη Καρδάση 
260 |a Αθήνα :   |b Πολιτιστικό Τεχνολογικό Ιδρυμα ΕΤΒΑ,   |c [1993] 
300 |a 251 σ.;  |b εικ.;  |c 24 εκ. 
504 |a Βιβλιογραφία: σ. 229-233. Ευρετήριο 
650 0 0 |a Merchant marine  |z Greece  |x History. 
651 0 |a Greece  |x Commerce  |x History. 
852 |a INST  |b CHIOS  |e 20070809  |h 387.5409495 ΚΑΡ  |p 005200026066  |q 005200026066  |t BK  |y 0 
852 |a INST  |b LESVOS  |e 19980303  |h 387.5409495 ΚΑΡ  |p 005100001580  |q 005100001580  |t BK  |y 0 
852 |a INST  |b LESVOS  |e 19950323  |h 387.5409495 ΚΑΡ  |p 005100002089  |q 005100002089  |t BK  |y 0 
852 |a INST  |b SYROS  |e 20090623  |h 387.509495 ΚΑΡ  |p 005500008306  |q 005500008306  |t BK  |y 0 
901 |a BIBL5-2009-2 
901 |a BIBL2-2007-2 
909 |a Ε  |b 154821 
909 |a Λ  |b 036728 
909 |a Χ  |b 136014 
922 |a 5ΕΛΗ  |b 200710  |c ΒΙΒΛΙΟΘΗΚΗ ΣΥΡΟΥ  |d ΣΤΑΘΟΠΟΥΛΟΣ 
922 |a 2ΕΛΗ  |b 200707  |c ΕΠΕΑΕΚ2/ΤΝΕΥ  |d Σ. ΠΑΤΑΚΗΣ 
970 |a ΚΑΓΙΑΒΑ  |b ΕΙΡΗΝΗ  |z 2009/05/23